Tezcoco en los ultimos tiempos de sus antiguos reyes, ó sea relación tomada de los manuscritos inéditos de Boturini (Record no. 2394)
[ view plain ]
| 000 -CABECERA | |
|---|---|
| campo de control de longitud fija | 00899nam a2200217 a 4500 |
| 001 - NÚMERO DE CONTROL | |
| campo de control | BRCA_2654 |
| 005 - FECHA Y HORA DE LA ÚLTIMA TRANSACCIÓN | |
| campo de control | 20190320203917.0 |
| 008 - DATOS DE LONGITUD FIJA--INFORMACIÓN GENERAL | |
| campo de control de longitud fija | 011208s1826----mx-a---###---#000-0#spa-# |
| 050 #4 - SIGNATURA TOPOGRÁFICA DE LA BIBLIOTECA DEL CONGRESO | |
| Número de clasificación | F1219.1 |
| Número de documento/Ítem | .B68 1826 |
| 100 1# - ENTRADA PRINCIPAL--NOMBRE DE PERSONA | |
| Nombre de persona | Boutorini, Benaducci Lorenzo |
| Fechas asociadas al nombre | 1702-1750 |
| 9 (RLIN) | 7538 |
| 245 10 - MENCIÓN DE TÍTULO | |
| Título | Tezcoco en los ultimos tiempos de sus antiguos reyes, ó sea relación tomada de los manuscritos inéditos de Boturini |
| Mención de responsabilidad, etc. | redactados por el lic. d. Mariano ; publicadas con notas y adiciones para estudio de la juventud mexicana, Carlos Maria de Bustamante. |
| 260 ## - PUBLICACIÓN, DISTRIBUCIÓN, ETC. | |
| Lugar de publicación, distribución, etc. | México |
| Nombre del editor, distribuidor, etc. | Imp. de M. |
| Fecha de publicación, distribución, etc. | 1826 |
| 300 ## - DESCRIPCIÓN FÍSICA | |
| Extensión | 276 p. |
| Otras características físicas | il. |
| Dimensiones | 21 cm. |
| 500 ## - NOTA GENERAL | |
| Nota general | B75 |
| 651 #4 - PUNTO DE ACCESO ADICIONAL DE MATERIA--NOMBRE GEOGRÁFICO | |
| Nombre geográfico | México |
| Subdivisión general | Historia |
| 9 (RLIN) | 614 |
| 651 #4 - PUNTO DE ACCESO ADICIONAL DE MATERIA--NOMBRE GEOGRÁFICO | |
| Nombre geográfico | Texcoco |
| Subdivisión general | Historia |
| Subdivisión geográfica | México (Estado) |
| 9 (RLIN) | 7539 |
| 700 1# - PUNTO DE ACCESO ADICIONAL--NOMBRE DE PERSONA | |
| Nombre de persona | Bustamante, Carlos María de |
| Fechas asociadas al nombre | 1774-1848 |
| 9 (RLIN) | 555 |
| 700 1# - PUNTO DE ACCESO ADICIONAL--NOMBRE DE PERSONA | |
| Nombre de persona | Veytia, Mariano Fernandez de Echeverria y |
| Fechas asociadas al nombre | 1718-1779 |
| 9 (RLIN) | 7540 |
| 902 ## - CATALOGADOR | |
| Iniciales | GFM |
| 942 ## - ELEMENTOS DE PUNTO DE ACCESO ADICIONAL (KOHA) | |
| Fuente del sistema de clasificación o colocación | Library of Congress Classification |
| Tipo de ítem Koha | Libros |
| Estado de retiro | Estado de pérdida | Estado dañado | No para préstamo | Localización permanente | Ubicación/localización actual | Fecha de adquisición | Número de inventario | Total de préstamos | Signatura topográfica completa | Código de barras | Fecha visto por última vez | Precio válido a partir de | Tipo de ítem Koha |
|---|---|---|---|---|---|---|---|---|---|---|---|---|---|
| El ejemplar forma parte de la colección y puede ser consultado según las políticas vigentes. | Biblioteca del Museo Franz Mayer (Rogerio Casas-Alatriste) | Biblioteca del Museo Franz Mayer (Rogerio Casas-Alatriste) | 01/12/2008 | B75 | F1219.1 .B68 1826 (B75) | 2651 | 22/03/2019 | 22/03/2019 | Libros |